000 01009cam a2200349 4500500
005 20260405003452.0
041 _afre
042 _adc
100 1 0 _aLegros, Martin
_eauthor
245 0 0 _aGérard Noiriel : “Pour redevenir hégémonique, la gauche doit proposer un récit alternatif”
260 _c2022.
500 _a91
690 _aDomination
690 _aDroite
690 _aÉlection présidentielle 2022
690 _aÉric Zemmour
690 _aExtrême droite
690 _aGauche
690 _aGérard Noiriel
690 _aGramsci
690 _aHégémonie
690 _aIdentité
690 _aLutte des classes
690 _aMédias
690 _aOuvrier
690 _aPolitique
690 _aPouvoir
690 _aRésistance
690 _aRichard Rorty
786 0 _nPhilosophie magazine | 157 | 3 | 2022-03-01 | p. 29-29 | 1951-1787
856 4 1 _uhttps://shs.cairn.info/magazine-philosophie-magazine-2022-3-page-29?lang=fr&redirect-ssocas=7080
999 _c2067840
_d2067840